000
00273nam a2200109Ia 4500
008
201217s9999 xx 000 0 und d
100
_a
Koburger, Charles W.
245
0
_a
Vessel Traffic Systems
260
_a
Centreville
_b
Cornell Maritime Press
300
_a
169
942
_c
BK
999
_c
7847
_d
7847